000 00539nam a2200181Ia 4500
008 090630s9999 xx 000 0 und d
082 _b19793
100 _aसाने हेमा.
245 _aवृक्ष वैभव.
_cसाने हेमा.
260 _bज्ञानदा.
_c1995
300 _a72
600 _aसाने हेमा.
630 _aवृक्ष वैभव.
655 _aइतर.
700 _aसाने हेमा.
730 _aवृक्ष वैभव.
942 _cBOOK
999 _c271649
_d271649